000 00388nam a2200133Ia 4500
008 231129s1992||||xx |||||||||||||| ||spa||
020 _a84-245-0617-0
040 _bspa
082 _a362.293 F981
245 0 _aFundamentos teóricos en prevención
260 _c1992
264 _aGrupo Interdisciplinar sobre drogas. Fundamentos
942 _2ddc
_cBKS
999 _c14304
_d14304